[Event "Privatkamp mot Eidsvoll 2015"]
[Site "Råholt, Akershus NOR"]
[Date "2015.04.28"]
[Round "?"]
[White "Bø, Martin"]
[Black "Mannerud, Arne"]
[Result "0-1"]
[WhiteElo "1135"]
[BlackElo "1459"]
[Annotator "Martin,Bø"]
[PlyCount "104"]
[EventDate "2015.04.28"]
[Board "7"]
[WhiteTeam "Follo"]
[BlackTeam "Eidsvoll"]

1. e4 d5 2. exd5 Qxd5 3. Nc3 Qd8 4. d4 c6 5. Nf3 e6 6. Be2 Nf6 7. Bg5 Be7 8.
Qd2 Nbd7 9. O-O-O {Følte stillingn trengte litt action og rokerte langt. Fritz
er ikke imponert, og jeg innså fort hvorfor. Sorts konge kommer til å stå
relativt trygt i sentrum og mitt forsøk på et framstøt på kongefløyen var til
liten nytte. Sort får derimot et sterkt press på dronningsfløyen} (9. O-O O-O
10. a4) 9... h6 10. Be3 b5 11. Bd3 {Gir plass til Se2 dersom sort spiller b4.
Egentlig ikke nødvendig når man alltids kan spille Se4} Bb7 12. h4 a6 13. Rdg1
{Undervurderte c5 her, og burde spilt noe som forhindret eller gjorde c5 til
et dårligere trekk. Se5 og Se4 fungerer} (13. Ne5 Nxe5 14. dxe5 Nd5 15. Ne4 Qc7
16. Bd4 c5 17. Nd6+ Bxd6 18. exd6 Qxd6 19. Bxg7) 13... c5 14. Ne5 c4 15. Nxd7
Qxd7 16. Be2 Nd5 (16... b4 17. Nb1 Ne4 18. Qd1 Rc8 {Dersom sort spiller b4 her,
ligger jeg veldig tynt an. Fritz regner rundt -2, og der blir vanskelig for
hvit å forsvare seg, der nesten alle de sorte brikkene er mer aktive enn de
hvite}) 17. Nxd5 Bxd5 {Sd5 gir bort mye av initiativet og hvit er inne i
partiet igjen etter avbyttet} 18. Kb1 {Slet med å finne en plan, ettersom sort
for øyeblikket ikke har mange svakheter. Spiller Kb1 som et mellomtrekk, og
får kongen til et sikkrere felt} b4 {Kritisk stilling, der jeg er avhengig av
å finne gode forsvarstrekk} 19. c3 {Viktig trekk, og fritz førstevalg} a5 20.
f3 {Ikke blant fritz topp 4 trekk, men har et par konkrete hensikter. Hindrer
sjakken på e4 og får g-bonden ut av en binding til tårnet på h1. Viste seg
viktig senere når jeg fikk litt motspill} bxc3 21. Qxc3 {Syns bxc3 ser
fryktelig skummelt ut, men er trygt i følge fritz} Bb4 22. Qc2 Qc6 23. Bd2 Rb8
24. Rc1 {Vil helst at motstanderen min skal bytte av på d2, ettersom jeg ikke
vil ha hans bønder på c4 og b4. Kan ikke spille a3 med en gang, og lurer
tårnet hans over til c8 ved å legge press på c4 bonden} (24. a3 Bxd2 25. Qxd2
c3 {0-1}) 24... Rc8 25. a3 Bxd2 26. Qxd2 Qb5 27. Rc3 $1 {Forhindrer sort i å
spille c3 for alltid. Forsvarer f3 i tillfelle jeg vil spille g4, forsvarer a3
ved mulige bindinger på b2 bonden i tillegg til å blokkere c4 bonden} Ke7 28.
Rhc1 Rc7 29. g4 Rhc8 30. h5 f6 {Stilling er helt gjevn, men nå er det
plutselig hvit som har få svakheter. Sort har isolerte svake bønder på a5 og
c4, mens min bonde på d4 blir vanskelig å angripe. Sorts konge er også ikke
lenger veldig trygg} 31. Bd1 Qb7 32. f4 Be4+ 33. Bc2 Bd5 34. g5 hxg5 35. fxg5
Rh8 36. Rg1 $2 {Har nå under 5 minutter igjen, og etter Th8 tar jeg tak i
tårnet på c1 umiddelbart og skyver det over til h1 for å beskytte bonden. Før
jeg slippe tårnet, ser jeg løperen på d5 og tenker: hmm, hvor skal jeg sette
tårnet nå? Gir bort initiativet, og stillingen er helt lik. Det beste er:} (36.
h6 {Gjør stillingen veldig komlisert for sort, og gir hvit en solid fordel})
36... f5 37. Qe2 {Truer Lxf5} Kd8 38. Qh2 Rf7 39. Qd6+ Rd7 40. Qh2 Qc7 41. Qe2
Qd6 42. Qe5 $4 {2 min igjen på klokka, og tenker jeg må avklare stillingen.
Dum ide} Qxe5 43. dxe5 Rxh5 44. Bd1 Rh4 45. Be2 g6 46. Rgc1 Re4 47. Bxc4 Rxe5
48. Bb5 $4 (48. Bxd5 Rexd5 49. Rc8+ Ke7 50. Rg8 e5 51. Rg7+ Kf8 52. Rxg6 e4 53.
Rc8+ Ke7 54. Rcc6 {Remis}) ({Planen med Lb5 var noe i denne duren} 48. Bb5 Rf7
49. Rc8+ Ke7 50. R1c7+ Kd6 51. Rxf7) 48... Be4+ 49. Ka2 Rxb5 50. Rc8+ Ke7 51.
R1c7 Rxc7 52. Rxc7+ Kd6 0-1

[Event "Privatkamp mot Eidsvoll 2015"]
[Site "Råholt, Akershus NOR"]
[Date "2015.04.28"]
[Round "?"]
[White "Petersen, Rune J"]
[Black "Bakke, Per Bjørn"]
[Result "0-1"]
[WhiteElo "861"]
[BlackElo "1350"]
[Annotator "Lea,Per"]
[PlyCount "92"]
[EventDate "2015.04.28"]
[Board "9"]
[WhiteTeam "Follo"]
[BlackTeam "Eidsvoll"]

1. d4 Nf6 2. Nf3 e6 3. Nc3 d5 4. e3 Nbd7 5. Bd2 c5 6. b3 a6 7. Bd3 Bd6 8. O-O
Qc7 9. Ne2 c4 10. bxc4 dxc4 11. Rc1 cxd3 12. cxd3 Qd8 13. Ng3 O-O 14. e4 e5 15.
d5 Re8 16. Nf5 Nc5 17. Nxd6 Qxd6 18. Bb4 b6 19. Qe2 Bg4 20. Qe3 Nfd7 21. Nd2
Qh6 22. h3 Qxe3 23. fxe3 Be2 24. Rf2 Bxd3 25. Nb3 Nxe4 26. Rb2 Rac8 27. Rc6
Nec5 28. Rd2 Bb5 29. Rxc8 Rxc8 30. Rc2 Ba4 31. d6 Rd8 (31... Rc6 32. Rc3 f6 33.
Bxc5 Bxb3 34. axb3 Nxc5 35. b4 Ne4) 32. Rc3 f6 33. Bxc5 Bxb3 34. axb3 Nxc5 35.
b4 Ne4 36. Rc6 Rxd6 37. Rc8+ Kf7 38. Rc7+ Kg6 39. Rc4 Rd1+ 40. Kh2 Nd2 41. Rg4+
Kf7 42. Rh4 Nf1+ 43. Kg1 Nxe3+ 44. Kf2 Nd5 45. Rxh7 Nxb4 46. Ke2 Rd4 0-1

[Event "Privatkamp mot Eidsvoll 2015"]
[Site "Råholt, Akershus NOR"]
[Date "2015.04.28"]
[Round "?"]
[White "Aasgaard, Kenneth"]
[Black "Sandvik, Sander"]
[Result "1-0"]
[WhiteElo "1316"]
[BlackElo "850"]
[Annotator "Sandvik, Sander"]
[PlyCount "74"]
[EventDate "2015.04.28"]
[Board "10"]
[WhiteTeam "Eidsvoll"]
[BlackTeam "Follo"]

1. d4 Nf6 2. Nf3 e6 3. e3 c5 {Gøy å prøve seg frem litt!} 4. c3 cxd4 5. cxd4
Bb4+ 6. Bd2 Be7 7. Bd3 d5 8. Ne5 O-O 9. O-O Nc6 10. Ng4 $2 (10. Qc2) 10... Nxg4
11. Qxg4 e5 12. Qd1 exd4 13. exd4 Nxd4 14. Bc3 Nf5 $2 (14... Nc6 15. Re1 g6 16.
b3) 15. Qg4 g6 16. Rd1 d4 $2 (16... Bc5 17. Qf3 d4) 17. Bxf5 {Denne varianten
hadde jeg oversett.} Bxf5 18. Qf4 $4 (18. Qxd4 Qxd4 19. Bxd4) 18... dxc3 $1 19.
Nxc3 (19. Rxd8 cxb2 20. Rxa8 bxa1=Q 21. Rxf8+ Bxf8 22. h3 Qxb1+ 23. Kh2 Qxa2 {
Er ikke et veldig gøyalt alternativ for hvit.}) 19... Qa5 20. Nd5 Bd8 21. Qe5
Qa6 22. Ne7+ Bxe7 {Tidsnød titter innom for å si hei. Fem minutter igjen på
klokken.} 23. Qxe7 Rfe8 24. Qg5 Rac8 25. h3 Rc2 26. Rd8 Rce2 {Burde nok gått
for:} (26... Rxd8 27. Qxd8+ Kg7) 27. Rad1 Qe6 $4 {Effektiv konvertering av
posisjonen! Til tap, riktignok...} (27... Qxa2) 28. Rxe8+ Qxe8 29. Rd8 Qxd8 30.
Qxd8+ Kg7 31. Qd4+ Kf8 32. Kf1 Rc2 33. a4 Rc1+ 34. Ke2 Rc8 35. Qb4+ Kg7 36.
Qxb7 Re8+ 37. Kf3 Re4 {Sort tapte på tid.} 1-0

[Event "Privatkamp mot Eidsvoll 2015"]
[Site "Råholt, Akershus NOR"]
[Date "2015.04.28"]
[Round "?"]
[White "Lange, Magnus Øyvind"]
[Black "Karlsen, Jonny"]
[Result "0-1"]
[WhiteElo "836"]
[BlackElo "1330"]
[Annotator "Lange,Holger"]
[PlyCount "100"]
[EventDate "2015.04.28"]
[Board "11"]
[WhiteTeam "Follo"]
[BlackTeam "Eidsvoll"]

1. e4 e5 2. Nf3 Nc6 3. Bb5 d6 4. O-O h6 5. d3 Bg4 6. h3 Bh5 7. Nc3 a6 8. Ba4 b5
9. Bb3 Nd4 $2 10. g4 (10. Nxe5 $1 Bxd1 $4 11. Bxf7+ Ke7 12. Nd5#) 10... Nxf3+
11. Qxf3 Bg6 12. Bd5 Rb8 $2 13. Bc6+ $1 Ke7 14. Nd5+ Ke6 15. Ne3 $2 (15. Qf5+
$3 Bxf5 16. exf5#) 15... Qf6 16. Qxf6+ Nxf6 17. f4 exf4 18. Rxf4 h5 19. g5 Nd7
20. Bd5+ Ke7 21. Nf5+ Bxf5 22. Rxf5 f6 23. d4 g6 24. gxf6+ Nxf6 25. Rf2 Nxd5
26. exd5 Bg7 $4 27. Bg5+ Kd7 28. Rf7+ {igjen solklar vunnet for hvit} Kc8 29.
Rxg7 Re8 30. Rf1 Kb7 31. Rff7 Rbc8 32. Re7 Rf8 33. Rgf7 Rg8 34. b3 Kb6 35. Kf2
Rgf8 36. Rxf8 Rxf8+ 37. Ke3 Rf5 38. h4 Rxd5 39. c4 bxc4 40. bxc4 Ra5 41. Rg7
Ra3+ 42. Ke4 Ra4 43. Kd5 c6+ 44. Kxd6 Rxc4 45. Be3 Rc3 46. d5+ $4 {skifter fra
vinst til remis for hvit} Rxe3 47. Rxg6 cxd5 48. Kxd5+ Ka7 49. Rh6 Ra3 50. Rxh5
$4 {skifter fra remis til tap for hvit. Tragisk.} Ra5+ 0-1

[Event "Privatkamp mot Eidsvoll 2014"]
[Site "Ås, Akershus NOR"]
[Date "2014.05.08"]
[Round "?"]
[White "Aasgaard, Frode"]
[Black "Kielland-Lund, Jon"]
[Result "1/2-1/2"]
[WhiteElo "1698"]
[BlackElo "1600"]
[PlyCount "78"]
[EventDate "2014.05.08"]
[Board "1"]
[WhiteTeam "Eidsvoll"]
[BlackTeam "Follo"]

1. d4 d5 2. c4 c6 3. Nf3 Nf6 4. Nc3 dxc4 5. a4 Bf5 6. e3 e6 7. Bxc4 Bb4 8. O-O
Nbd7 9. Bd3 Bxd3 10. Qxd3 O-O 11. Qe2 Re8 12. Ne5 Qc7 13. Qc4 a5 14. Nd3 Bd6
15. f4 Nb6 16. Qb3 Nfd5 17. e4 Nb4 18. Nc5 Nd7 19. Be3 Nxc5 20. dxc5 Bf8 21.
Rad1 Rad8 22. Na2 Nxa2 23. Qxa2 Rxd1 24. Rxd1 Rd8 25. Qb3 Rxd1+ 26. Qxd1 Be7
27. Qd4 Qd8 28. Kf2 Qxd4 29. Bxd4 f5 30. exf5 exf5 31. Ke3 Kf7 32. Kd3 Bf6 33.
Bxf6 Kxf6 34. Kc4 Ke6 35. Kd4 h6 36. h4 g6 37. g3 Kf6 38. b3 h5 39. Kd3 Ke7
1/2-1/2

[Event "Privatkamp mot Eidsvoll 2014"]
[Site "Ås, Akershus NOR"]
[Date "2014.05.08"]
[Round "?"]
[White "Furnes, Torstein"]
[Black "Kvile, Odd Martin"]
[Result "1-0"]
[WhiteElo "1594"]
[BlackElo "1539"]
[PlyCount "105"]
[EventDate "2014.05.08"]
[Board "2"]
[WhiteTeam "Follo"]
[BlackTeam "Eidsvoll"]

1. d4 Nf6 2. c4 d5 3. cxd5 Qxd5 4. Nc3 {last book move} Qf5 {[%eval 91,16]} 5.
Nf3 {[%eval 87,14]} e6 {[%eval 93,17]} 6. e3 {[%eval 92,16]} Bd7 {[%eval 121,
15]} 7. Bd3 {[%eval 118,16]} Qh5 {[%eval 118,17]} 8. e4 {[%eval 124,15]} Bb4 {
[%eval 140,16]} 9. O-O {[%eval 133,16]} O-O {[%eval 150,16]} 10. Bf4 {[%eval
132,13]} Qa5 {[%eval 149,15]} 11. Qc2 {[%eval 134,14]} Nh5 {[%eval 194,15]} 12.
Be3 {[%eval 152,14]} Bxc3 {[%eval 180,16]} 13. bxc3 {[%eval 179,15]} Bc6 {
[%eval 239,15]} 14. Ne5 {[%eval 178,17]} Ba4 {[%eval 221,16]} 15. Qd2 {[%eval
148,16]} f6 {[%eval 436,20]} 16. Nc4 {[%eval 441,18]} Qb5 {[%eval 442,17]} 17.
Rab1 {[%eval 327,18]} Qd7 {[%eval 328,16]} 18. g4 {[%eval 279,17]} Qf7 {[%eval
474,15]} 19. gxh5 {[%eval 420,17]} Qxh5 {[%eval 413,15]} 20. Qe2 {[%eval 399,
16]} Qf7 {[%eval 435,14]} 21. Qg4 {[%eval 420,14]} e5 {[%eval 586,15]} 22. dxe5
{[%eval 585,14]} Bd7 {[%eval 624,17]} 23. Qg3 {[%eval 623,16]} b5 {[%eval 624,
16]} 24. Nd2 {[%eval 478,17]} fxe5 {[%eval 463,15]} 25. Qxe5 {[%eval 465,15]}
c6 {[%eval 500,14]} 26. c4 {[%eval 499,14]} Re8 {[%eval 512,15]} 27. Qf4 {
[%eval 466,16]} Qg6+ {[%eval 559,16]} 28. Qg3 {[%eval 465,14]} Qh5 {[%eval 578,
13]} 29. Qg5 {[%eval 438,18]} Qxg5+ {[%eval 443,17]} 30. Bxg5 {[%eval 447,15]}
Bh3 {[%eval 471,16]} 31. Rfe1 {[%eval 442,16]} h6 {[%eval 471,17]} 32. Bf4 {
[%eval 474,17]} a6 {[%eval 472,15]} 33. e5 {[%eval 399,17]} Nd7 {[%eval 411,15]
} 34. Re3 {[%eval 384,17]} Be6 {[%eval 385,15]} 35. Rc1 {[%eval 384,15]} Rf8 {
[%eval 416,18]} 36. Bg3 {[%eval 421,16]} b4 {[%eval 467,16]} 37. Ne4 {[%eval
442,15]} a5 {[%eval 443,15]} 38. Nd6 {[%eval 427,17]} Nc5 {[%eval 477,16]} 39.
Be4 {[%eval 376,17]} Ra6 {[%eval 490,16]} 40. f4 {[%eval 404,17]} Nxe4 {[%eval
383,15]} 41. Rxe4 {[%eval 379,17]} a4 {[%eval 380,17]} 42. Re3 {[%eval 380,15]}
Rb8 {[%eval 725,20]} 43. f5 {[%eval 621,18]} b3 {[%eval 821,19]} 44. fxe6 {
[%eval 820,19]} bxa2 {[%eval 1028,19]} 45. e7 {[%eval 1024,19]} Rb1 {[%eval
2212,18]} 46. e8=Q+ {[%eval 2103,13]} Kh7 {[%eval 2212,18]} 47. Ree1 {[%eval
2211,17]} a1=Q {[%eval 32732,11]} 48. Rxb1 {[%eval 32734,15]} Qd4+ {[%eval
32732,10]} 49. Kh1 {[%eval 32734,21]} Qd3 {[%eval 3429,18]} 50. Rf1 {[%eval
3468,18]} c5 {[%eval 32748,10]} 51. Qf7 {[%eval 3049,17]} Rxd6 {[%eval 32742,
12]} 52. exd6 {[%eval 32744,13]} Qxc4 {[%eval 32756,7]} 53. Qxc4 {[%eval 32758,
7]} 1-0

[Event "Privatkamp mot Eidsvoll 2014"]
[Site "Ås, Akershus NOR"]
[Date "2014.05.08"]
[Round "?"]
[White "Melbye, Tor Vegard"]
[Black "Moberg, Jan Rune"]
[Result "1-0"]
[WhiteElo "1468"]
[BlackElo "1495"]
[PlyCount "101"]
[EventDate "2014.05.08"]
[Board "3"]
[WhiteTeam "Eidsvoll"]
[BlackTeam "Follo"]

1. c4 b6 2. Nc3 Bb7 3. Nf3 f5 4. e3 e6 5. Be2 Nf6 6. d4 Be7 7. O-O c6 8. b3 O-O
9. Bb2 a5 10. g3 Ne4 11. Ne1 d5 12. cxd5 exd5 13. Ng2 g5 14. f4 g4 15. Ne1 h5
16. Nd3 Nd7 17. Qc2 Rc8 18. Nxe4 dxe4 19. Ne5 Qe8 20. Bc4+ Kg7 21. Be6 Nxe5 22.
Bxc8 Bxc8 23. dxe5 Be6 24. Rfd1 h4 25. Rd6 Qf7 26. Rad1 hxg3 27. hxg3 Rh8 28.
Qg2 c5 29. Rxb6 c4 30. bxc4 Bc5 31. Bd4 Bxb6 32. Bxb6 Bxc4 33. e6 Qf8 34. Bd4+
Kg6 35. Bxh8 Qxh8 36. e7 Qe8 37. Qc2 Bd3 38. Qc5 Qa4 39. Rc1 Bb5 40. a3 Qb3 41.
Qc3 Qe6 42. Qxa5 Qb3 43. Qc3 Qe6 44. Qe5 Qd7 45. e8=Q+ Qxe8 46. Qxe8+ Bxe8 47.
Rc4 Kf6 48. a4 Ke6 49. Rd4 Bc6 50. a5 Bb5 51. Kf2 1-0

[Event "Privatkamp mot Eidsvoll 2014"]
[Site "Ås, Akershus NOR"]
[Date "2014.05.08"]
[Round "?"]
[White "Brenden, Torbjørn"]
[Black "Habberstad, Odd"]
[Result "1/2-1/2"]
[WhiteElo "1413"]
[BlackElo "1535"]
[PlyCount "94"]
[EventDate "2014.05.08"]
[Board "4"]
[WhiteTeam "Follo"]
[BlackTeam "Eidsvoll"]

1. e4 c6 2. d4 d5 3. Nd2 dxe4 4. Nxe4 Nd7 5. Nf3 Ngf6 6. Bd3 Nxe4 7. Bxe4 Nf6
8. Bd3 Bg4 9. c3 e6 10. h3 Bxf3 11. Qxf3 Qd5 12. Be2 Be7 13. O-O O-O 14. Qg3
Kh8 15. Qg5 Qd8 16. Re1 Nd5 17. Qe5 Bf6 18. Qe4 g6 19. Bh6 Re8 20. f4 Ne7 21.
g4 Ng8 22. g5 Nxh6 23. gxh6 Qd5 24. Qe3 Rad8 25. Bf3 Qd6 26. Be4 Qf8 27. Re2
Qxh6 28. Rg2 Qf8 29. Rf1 Qe7 30. Qf3 Bg7 31. Kh1 Rd7 32. Rfg1 f5 33. Bc2 c5 34.
dxc5 Qxc5 35. Re1 e5 36. fxe5 Rxe5 37. Rxe5 Bxe5 38. Re2 Qd6 39. Qe3 Bf6 40.
Qe8+ Kg7 41. Bb3 Re7 42. Qg8+ Kh6 43. Qf8+ Kh5 44. Rxe7 Qxe7 45. Qxe7 Bxe7 46.
Bd5 b6 47. b3 Kg5 1/2-1/2

[Event "Privatkamp mot Eidsvoll 2014"]
[Site "Ås, Akershus NOR"]
[Date "2014.05.08"]
[Round "?"]
[White "Mannerud, Jan"]
[Black "Fuglseth, Jan"]
[Result "0-1"]
[WhiteElo "1421"]
[BlackElo "1584"]
[PlyCount "115"]
[EventDate "2014.05.08"]
[Board "5"]
[WhiteTeam "Eidsvoll"]
[BlackTeam "Follo"]

1. d4 Nf6 2. Nf3 e6 3. c4 b6 4. e3 Bb7 5. Be2 c5 6. Nc3 d5 7. O-O Be7 8. Ne5
Nbd7 9. f4 O-O 10. b3 a6 11. Bb2 cxd4 12. exd4 Ne4 13. Bf3 Ndf6 14. Qe2 Qc7 15.
Rac1 Qd6 16. a3 Rac8 17. b4 Rc7 18. c5 bxc5 19. bxc5 Qd8 20. a4 Qb8 21. Rb1 Qa7
22. Ba1 Nxc3 23. Bxc3 Bxc5 24. Qd3 Bd6 25. Rb3 Ne4 26. Ba5 Rcc8 27. Rfb1 Ba8
28. Rb6 f6 29. Rxa6 Qe7 30. Ng4 Bxf4 31. Bb4 Bd6 32. Bxd6 Nxd6 33. Qa3 Rfd8 34.
Rbb6 Nf5 35. Qxe7 Nxe7 36. Ne3 Nf5 37. Nxf5 exf5 38. Ra7 Kf8 39. Rba6 Bc6 40.
Kf2 f4 41. Bg4 Be8 42. Bxc8 Rxc8 43. Rd6 Bf7 44. a5 Rc2+ 45. Kf3 g5 46. Rd8+
Be8 47. Raa8 Rc3+ 48. Kf2 Re3 49. a6 Kf7 50. a7 Ra3 51. Rxe8 Ra2+ 52. Kf3 Ra3+
53. Kf2 Ra2+ 54. Re2 Ra4 55. Rd2 g4 56. h3 g3+ 57. Kf3 Kg6 58. Kxf4 {Hvit
tapte på tid etter ytterligere 8 trekk.} 0-1

[Event "Privatkamp mot Eidsvoll 2014"]
[Site "Ås, Akershus NOR"]
[Date "2014.05.08"]
[Round "?"]
[White "Garmark, Vegard"]
[Black "Bakke, Per Bjørn"]
[Result "1-0"]
[WhiteElo "1250"]
[BlackElo "1290"]
[PlyCount "45"]
[EventDate "2014.05.08"]
[Board "6"]
[WhiteTeam "Follo"]
[BlackTeam "Eidsvoll"]

1. e4 e6 2. d4 d5 3. exd5 exd5 4. Bd3 Nf6 5. Ne2 Be7 6. Bf4 O-O 7. O-O Nbd7 8.
Nbc3 a6 9. Ng3 c5 10. dxc5 Nxc5 11. Bf5 Ne6 12. Be5 g6 13. Bxf6 Bxf6 14. Qg4
Bg7 15. Rad1 Nc7 (15... gxf5 16. Nxf5 Qg5 17. Qxg5 Nxg5 18. Nxg7 Kxg7 $17) 16.
Bxc8 Rxc8 17. Rd2 Bxc3 18. bxc3 Qf6 19. Qd4 Qe7 20. Qb4 Qg5 21. f4 Qf6 22. Qd4
Qd6 $2 23. Ne4 $1 1-0

[Event "Privatkamp mot Eidsvoll 2014"]
[Site "Ås, Akershus NOR"]
[Date "2014.05.08"]
[Round "?"]
[White "Aasgaard, Kenneth"]
[Black "Ruud, Kjetil"]
[Result "0-1"]
[WhiteElo "1258"]
[BlackElo "1229"]
[PlyCount "90"]
[EventDate "2014.05.08"]
[Board "7"]
[WhiteTeam "Eidsvoll"]
[BlackTeam "Follo"]

1. d4 b6 2. c4 Bb7 3. Nc3 e6 4. d5 Bb4 5. dxe6 Bxc3+ 6. bxc3 fxe6 7. e3 d6 8.
Nf3 Qf6 9. Bb2 Bxf3 10. Qxf3 Qxf3 11. gxf3 Nd7 12. c5 Nxc5 13. Bb5+ Nd7 14. Bc6
O-O-O 15. f4 Ngf6 16. O-O-O Rhg8 17. Rhg1 h5 18. f3 g6 19. h4 e5 20. fxe5 Nxe5
21. Be4 Nxe4 22. fxe4 Nc4 23. Rg3 Rde8 24. Rd4 Ne5 25. Kc2 Ng4 26. Kb3 Re6 27.
Rf3 Rge8 28. Bc1 Rxe4 29. Rxe4 Rxe4 30. a4 a5 31. Bd2 Ne5 32. Rf4 Rxf4 33. exf4
Nf3 34. Be3 Nxh4 35. Bf2 Ng2 36. Bg3 h4 37. Bh2 d5 38. Kc2 Kd7 39. Kd3 c5 40.
Ke2 Ke6 41. Kf3 h3 42. Kg4 d4 43. cxd4 cxd4 44. Kxh3 Ne3 (44... d3 $1) 45. Bg3
Kf5 0-1

[Event "Privatkamp mot Eidsvoll 2014"]
[Site "Ås, Akershus NOR"]
[Date "2014.05.08"]
[Round "?"]
[White "Aasestad, Tor Erik"]
[Black "Simonsen, Steinar"]
[Result "0-1"]
[WhiteElo "953"]
[BlackElo "1322"]
[PlyCount "66"]
[EventDate "2014.05.08"]
[Board "10"]
[WhiteTeam "Follo"]
[BlackTeam "Eidsvoll (utlån)"]

1. Nf3 Nc6 2. d4 d5 3. e3 Nf6 4. h3 h6 5. Bb5 Bd7 6. b3 Ne4 7. Ba3 a6 8. Bd3 b5
9. c4 e6 10. Bxf8 Rxf8 11. cxb5 axb5 12. Bxb5 Qe7 13. Qd3 Nb4 14. Bxd7+ Qxd7
15. Qe2 Qc6 16. O-O f6 17. Nbd2 Rxa2 18. Rxa2 Nxa2 19. Nxe4 dxe4 20. Nh4 Nb4
21. Qb2 Nd5 22. Rc1 Qb6 23. Qc2 Kf7 24. Qxe4 f5 25. Nxf5 Kg8 $2 (25... Nf6 $1
26. Nxh6+ gxh6 27. Qf4 c6 28. Qxh6 Qxb3 {og hvit har 3 bønder for springeren})
26. Ng3 Rf6 27. Nh5 Rf7 28. g4 Qxb3 29. Qxe6 Qa2 30. Rf1 Qa5 31. Qe5 (31. Qe8+
$1 Rf8 32. Qe5 Rf7 33. e4 c6 34. Qe8+ Rf8 35. Qe6+ Kh7 36. exd5 $18) 31... Qa8
32. Kg2 $4 Nxe3+ 33. Kg1 (33. Kg3 Qf3+ 34. Kh4 Ng2#) 33... Qg2# 0-1